[Event "WchT Blitz Pool D"]
[Site "London"]
[Date "2025.06.14"]
[Round "8.1"]
[White "Amartuvshin, Ganzorig"]
[Black "Navara, David"]
[Result "1/2-1/2"]
[WhiteElo "2430"]
[BlackElo "2657"]
[PlyCount "117"]
[EventDate "2025.06.14"]
[EventType "team-tourn"]
[EventRounds "13"]
[EventCountry "ENG"]
[SourceTitle "CB25_2025"]
[SourceDate "2025.06.18"]
[SourceVersion "1"]
[SourceVersionDate "2025.06.18"]
[SourceQuality "1"]
[WhiteTeam "Mongolia"]
[BlackTeam "Katowice Hetman"]
[WhiteTeamCountry "MGL"]
[BlackTeamCountry "POL"]

1. d4 Nf6 2. c4 e6 3. Nc3 Bb4 4. e3 0-0 5. Bd3 d5 6. a3 Bxc3+ 7. bxc3 dxc4 8. Bxc4 c5 9. Nf3 Qc7 10. Be2 Rd8 11. 0-0 b6 12. Bb2 Bb7 13. c4 Nbd7 14. Rc1 Nf8 15. Qb3 Ng4 16. g3 Ng6 17. h3 Nf6 18. dxc5 Qxc5 19. Bxf6 gxf6 20. Qc3 Ne5 21. Nxe5 fxe5 22. Rfd1 Qc6 23. f3 Qc5 24. Kf2 f6 25. Qb4 Kf7 26. Qxc5 bxc5 27. g4 Bc6 28. Bd3 h6 29. Be4 Bxe4 30. fxe4 Ke7 31. Rxd8 Rxd8 32. Rb1 Rd2+ 33. Kf3 Rh2 34. Rb7+ Kd6 35. Rxa7 Rxh3+ 36. Ke2 Rg3 37. Rf7 Rxg4 38. Kd3 Rg8 39. Rh7 Ra8 40. Rxh6 Rxa3+ 41. Kd2 Ra2+ 42. Kd3 Rf2 43. Rh8 f5 44. Rd8+ Kc7 45. Re8 Kd7 46. Ra8 f4 47. exf4 exf4 48. e5 Rf1 49. Ra7+ Ke8 50. Rc7 Rd1+ 51. Ke2 Rd4 52. Rxc5 Kd7 53. Kf3 Kd8 54. Rc6 Kd7 55. Rd6+ Rxd6 56. exd6 Kxd6 57. Kxf4 Kc5 58. Ke5 Kxc4 59. Kxe6 1/2-1/2

[Event "WchT Blitz Pool D"]
[Site "London"]
[Date "2025.06.14"]
[Round "10.1"]
[White "Atlas, Valeri"]
[Black "Navara, David"]
[Result "0-1"]
[WhiteElo "2401"]
[BlackElo "2657"]
[PlyCount "116"]
[EventDate "2025.06.14"]
[EventType "team-tourn"]
[EventRounds "13"]
[EventCountry "ENG"]
[SourceTitle "CB25_2025"]
[SourceDate "2025.06.18"]
[SourceVersion "1"]
[SourceVersionDate "2025.06.18"]
[SourceQuality "1"]
[WhiteTeam "Perfect"]
[BlackTeam "Katowice Hetman"]
[WhiteTeamCountry "USA"]
[BlackTeamCountry "POL"]

1. e4 c5 2. Nf3 d6 3. d4 cxd4 4. Nxd4 Nf6 5. Nc3 a6 6. g3 e6 7. Bg2 Be7 8. 0-0 Qc7 9. a4 Nc6 10. Be3 0-0 11. Qe2 Rb8 12. Rad1 Re8 13. h3 Nxd4 14. Bxd4 e5 15. Ba7 Ra8 16. Be3 Be6 17. Nd5 Nxd5 18. exd5 Bd7 19. b3 b5 20. axb5 axb5 21. f4 Bf6 22. Qf2 Ra2 23. Rd2 e4 24. c4 Rxd2 25. Qxd2 bxc4 26. bxc4 Qxc4 27. Rc1 Qd3 28. Qxd3 exd3 29. Kf2 Ba4 30. Bf1 Bc2 31. Bd2 Bd4+ 32. Kf3 f5 33. g4 g6 34. Re1 Rb8 35. gxf5 gxf5 36. h4 Bb3 37. Bxd3 Bxd5+ 38. Ke2 Be4 39. Rc1 Rb2 40. Rc4 Bxd3+ 41. Kxd3 Bc5 42. Ra4 Kf7 43. h5 Ke6 44. Ra8 Kd5 45. Re8 Rb3+ 46. Ke2 Rh3 47. Re7 Rxh5 48. Kf3 Rh3+ 49. Kg2 Rd3 50. Be1 Re3 51. Rxe3 Bxe3 52. Kf3 Bd4 53. Bh4 Ke6 54. Bd8 Bf6 55. Ba5 Kd5 56. Be1 Kc4 57. Ke2 h5 58. Bf2 d5 0-1

[Event "WchT Blitz Pool D"]
[Site "London"]
[Date "2025.06.14"]
[Round "13.1"]
[White "Navara, David"]
[Black "Erigaisi, Arjun Kumar"]
[Result "1-0"]
[WhiteElo "2657"]
[BlackElo "2782"]
[PlyCount "53"]
[EventDate "2025.06.14"]
[EventType "team-tourn"]
[EventRounds "13"]
[EventCountry "ENG"]
[SourceTitle "CB25_2025"]
[SourceDate "2025.06.18"]
[SourceVersion "1"]
[SourceVersionDate "2025.06.18"]
[SourceQuality "1"]
[WhiteTeam "Katowice Hetman"]
[BlackTeam "Team MGD1"]
[WhiteTeamCountry "POL"]
[BlackTeamCountry "IND"]

1. e4 c5 2. Nf3 e6 3. d4 cxd4 4. Nxd4 Nc6 5. Nc3 Nf6 6. Ndb5 Bc5 7. Bf4 0-0 8. Bc7 Qe7 9. Bd6 Bxd6 10. Qxd6 Qd8 11. Be2 Qb6 12. 0-0-0 Qxf2 13. Nc7 Rb8 14. Bf3 b5 15. Rhe1 b4 16. Na4 e5 17. Nd5 Nxd5 18. exd5 Nd4 19. Be4 Qf4+ 20. Kb1 Bb7 21. Rxd4 f5 22. Nc5 fxe4 23. Rdxe4 Qd2 24. Nxd7 Bxd5 25. b3 Rbc8 26. R4e2 Rxc2 27. Qxf8# 1-0

[Event "WchT Blitz Pool D"]
[Site "London"]
[Date "2025.06.14"]
[Round "5.1"]
[White "Navara, David"]
[Black "Nogerbek, Kazybek"]
[Result "0-1"]
[WhiteElo "2657"]
[BlackElo "2538"]
[PlyCount "112"]
[EventDate "2025.06.14"]
[EventType "team-tourn"]
[EventRounds "13"]
[EventCountry "ENG"]
[SourceTitle "CB25_2025"]
[SourceDate "2025.06.18"]
[SourceVersion "1"]
[SourceVersionDate "2025.06.18"]
[SourceQuality "1"]
[WhiteTeam "Katowice Hetman"]
[BlackTeam "Barys.kz"]
[WhiteTeamCountry "POL"]
[BlackTeamCountry "KAZ"]

1. d4 Nf6 2. c4 e6 3. Nc3 d5 4. cxd5 exd5 5. Bg5 Be7 6. e3 0-0 7. Bd3 Re8 8. Nge2 h6 9. Bh4 c6 10. 0-0 a5 11. Rc1 Nbd7 12. a4 Ne4 13. Bxe7 Qxe7 14. Re1 Ndf6 15. f3 Nxc3 16. Nxc3 Qb4 17. Re2 Bd7 18. Qe1 Re7 19. h3 Rae8 20. Qf2 c5 21. dxc5 Qxc5 22. Rce1 Bc6 23. Nb5 Bxb5 24. Bxb5 Rc8 25. Qh4 Rec7 26. Rd1 Qe7 27. Qd4 Rc2 28. Red2 g6 29. Kf2 h5 30. h4 Kg7 31. Bd3 Rxd2+ 32. Rxd2 Rc1 33. Be2 Kg8 34. Rd1 Rc2 35. Rd2 Rc1 36. Rd1 Rc5 37. Bd3 b6 38. Rd2 Nd7 39. Rc2 Ne5 40. Rxc5 bxc5 41. Qxd5 Qxh4+ 42. Ke2 Qg3 43. f4 Ng4 44. Qf3 Qh4 45. Bc4 Qf6 46. Qb7 Kg7 47. g3 Nh6 48. Qd5 Nf5 49. Qe5 Nxg3+ 50. Kf3 Qxe5 51. fxe5 Nf5 52. Ke4 f6 53. Kd5 Nxe3+ 54. Kxc5 Nxc4 55. exf6+ Kxf6 56. b4 h4 0-1

[Event "WchT Rapid"]
[Site "London"]
[Date "2025.06.13"]
[Round "10.1"]
[White "Navara, David"]
[Black "Van Foreest, Jorden"]
[Result "0-1"]
[WhiteElo "2671"]
[BlackElo "2640"]
[PlyCount "108"]
[EventDate "2025.06.11"]
[EventType "team-swiss"]
[EventRounds "12"]
[EventCountry "ENG"]
[SourceTitle "CB25_2025"]
[SourceDate "2025.06.18"]
[SourceVersion "1"]
[SourceVersionDate "2025.06.18"]
[SourceQuality "1"]
[WhiteTeam "Katowice Hetman"]
[BlackTeam "Knight Dance"]
[WhiteTeamCountry "POL"]
[BlackTeamCountry "FRA"]

1. e4 c6 2. d4 d5 3. e5 Bf5 4. Nf3 e6 5. Be2 Nd7 6. Nbd2 Ne7 7. 0-0 Ng6 8. Nb3 c5 9. c4 dxc4 10. Bxc4 a6 11. dxc5 Bxc5 12. Nxc5 Nxc5 13. Be3 Nd7 14. Nd4 Ndxe5 15. Nxf5 exf5 16. Bd5 Qd7 17. Qb3 0-0 18. Rfd1 Qe7 19. Qxb7 Qh4 20. Rd4 f4 21. g3 Qf6 22. gxf4 Ng4 23. Qc6 Qe7 24. Qb7 Qf6 25. Qd7 Nxe3 26. fxe3 Rab8 27. Bb3 Rbd8 28. Qa7 Nh4 29. Kf2 Nf5 30. Rxd8 Rxd8 31. Rd1 Rxd1 32. Bxd1 Qxb2+ 33. Be2 g6 34. Qxa6 Qd2 35. Qa7 h5 36. a4 Qc1 37. Qb8+ Kh7 38. Qe8 Nh6 39. a5 Qh1 40. a6 Qxh2+ 41. Ke1 Qh1+ 42. Kd2 Qd5+ 43. Kc3 Qc5+ 44. Kb3 h4 45. Bc4 h3 46. Bxf7 Qb6+ 47. Kc3 Qf6+ 48. Kc2 Qf5+ 49. e4 Qxf7 50. Qxf7+ Nxf7 51. a7 h2 52. a8Q h1Q 53. Kd2 Qf3 54. f5 gxf5 0-1

[Event "FRA-chT Top 16 GpA"]
[Site "Belfort"]
[Date "2025.05.22"]
[Round "1.2"]
[White "Harutyunyan, Safar"]
[Black "Navara, David"]
[Result "0-1"]
[WhiteElo "2258"]
[BlackElo "2657"]
[PlyCount "72"]
[EventDate "2025.05.22"]
[EventType "team-tourn"]
[EventRounds "7"]
[EventCountry "FRA"]
[SourceTitle "CB22_2025"]
[SourceDate "2025.05.28"]
[SourceVersion "1"]
[SourceVersionDate "2025.05.28"]
[SourceQuality "1"]
[WhiteTeam "Le Mans"]
[BlackTeam "Mulhouse Philidor"]
[WhiteTeamCountry "FRA"]
[BlackTeamCountry "FRA"]

1. e4 c6 2. c4 d5 3. cxd5 cxd5 4. exd5 Nf6 5. Nc3 Nxd5 6. Nf3 Nc6 7. Bc4 Nb6 8. Bb5 g6 9. d4 Bg7 10. 0-0 0-0 11. Bxc6 bxc6 12. h3 Be6 13. Re1 Bd5 14. Bg5 Re8 15. Nxd5 cxd5 16. b3 Nc8 17. Bf4 Nd6 18. Rc1 Ne4 19. Ng5 e5 20. Nxe4 exf4 21. Nc3 Rxe1+ 22. Qxe1 Bxd4 23. Rd1 Bxc3 24. Qxc3 Qd6 25. Qd4 Rd8 26. Qxa7 d4 27. Rd3 Qe5 28. Qb6 Rd5 29. Qb4 f3 30. Qd2 fxg2 31. Kxg2 Qe4+ 32. Kh2 h6 33. a4 Rg5 34. f3 Qc6 35. Rxd4 Qxf3 36. Rf4 Qg3+ 0-1

[Event "Titled Tuesday intern op 06th May Early"]
[Site "Chess.com INT"]
[Date "2025.05.06"]
[Round "4"]
[White "Navara, David"]
[Black "Ernst, Luca"]
[Result "1-0"]
[WhiteElo "2657"]
[BlackElo "2222"]
[PlyCount "55"]
[EventDate "2025.05.06"]
[EventType "swiss (blitz)"]
[EventRounds "11"]
[EventCountry "USA"]
[SourceTitle "CB20_2025"]
[SourceDate "2025.05.14"]
[SourceVersion "1"]
[SourceVersionDate "2025.05.14"]
[SourceQuality "1"]

1. b3 d5 2. Bb2 Nf6 3. Nf3 Bf5 4. d3 c6 5. Nbd2 Nbd7 6. g3 e6 7. Nh4 Bg4 8. h3 Bh5 9. g4 Bg6 10. Bg2 Be7 11. e3 Qc7 12. Qe2 0-0-0 13. 0-0-0 Qa5 14. Kb1 Ba3 15. Ba1 h5 16. g5 Ne8 17. Nxg6 fxg6 18. h4 e5 19. Bh3 Bb4 20. Bxe5 Bc3 21. Nf3 Rf8 22. Bxc3 Qxc3 23. d4 Nd6 24. Ne5 Nb5 25. a4 Na3+ 26. Ka2 Nxc2 27. Rc1 Nb4+ 28. Ka3 1-0

[Event "Titled Tuesday intern op 06th May Early"]
[Site "Chess.com INT"]
[Date "2025.05.06"]
[Round "9"]
[White "Navara, David"]
[Black "Purtseladze, Maka"]
[Result "1/2-1/2"]
[WhiteElo "2657"]
[BlackElo "2261"]
[PlyCount "124"]
[EventDate "2025.05.06"]
[EventType "swiss (blitz)"]
[EventRounds "11"]
[EventCountry "USA"]
[SourceTitle "CB20_2025"]
[SourceDate "2025.05.14"]
[SourceVersion "1"]
[SourceVersionDate "2025.05.14"]
[SourceQuality "1"]

1. c4 e5 2. Nc3 Bb4 3. Nd5 Be7 4. Nf3 d6 5. d4 c6 6. Nc3 Bf6 7. dxe5 dxe5 8. Qxd8+ Kxd8 9. Ne4 Nd7 10. g4 h6 11. Nd6 Ke7 12. Nxc8+ Rxc8 13. Be3 e4 14. Nd4 g6 15. Bg2 Ne5 16. Nb3 Nxc4 17. Bc5+ Ke8 18. Rc1 Nb6 19. Na5 Rc7 20. Bxe4 Bxb2 21. Rc2 Be5 22. e3 Nf6 23. Bf3 Kd7 24. Ke2 Kc8 25. Rb1 Re8 26. Bxb6 axb6 27. Rxb6 Bxh2 28. Nxb7 Nd5 29. Bxd5 cxd5 30. Rxc7+ Kxc7 31. Rb3 Rb8 32. Nc5 Ra8 33. a3 Bd6 34. Rc3 Bxc5 35. Rxc5+ Kd6 36. Rc3 Ke5 37. Kd3 h5 38. f4+ Kd6 39. gxh5 gxh5 40. Ke2 h4 41. Kf3 h3 42. Kg3 Rh8 43. Kh2 Kd7 44. a4 Ra8 45. Ra3 Rh8 46. a5 Kc7 47. a6 Kb8 48. Ra5 Ka7 49. Rxd5 Kxa6 50. Rf5 Rh7 51. e4 Kb6 52. Rf6+ Kc7 53. e5 Kd7 54. Rd6+ Ke7 55. Rd3 Ke6 56. Rxh3 Rxh3+ 57. Kxh3 f6 58. exf6 Kxf6 59. Kg4 Kg6 60. f5+ Kf6 61. Kf4 Kf7 62. f6 Kxf6 1/2-1/2

[Event "Titled Tuesday intern op 06th May Early"]
[Site "Chess.com INT"]
[Date "2025.05.06"]
[Round "10"]
[White "Wijerathna, Vinuka Dihain"]
[Black "Navara, David"]
[Result "0-1"]
[WhiteElo "2063"]
[BlackElo "2657"]
[PlyCount "116"]
[EventDate "2025.05.06"]
[EventType "swiss (blitz)"]
[EventRounds "11"]
[EventCountry "USA"]
[SourceTitle "CB20_2025"]
[SourceDate "2025.05.14"]
[SourceVersion "1"]
[SourceVersionDate "2025.05.14"]
[SourceQuality "1"]

1. e4 c6 2. d4 d5 3. exd5 cxd5 4. Bd3 Nc6 5. c3 Nf6 6. Bf4 Bg4 7. Qb3 Qd7 8. Nd2 e6 9. Ngf3 Bd6 10. Bxd6 Qxd6 11. 0-0 0-0 12. Rfe1 Qc7 13. Ne5 Nxe5 14. Rxe5 Bh5 15. Rae1 Bg6 16. Bxg6 hxg6 17. h3 b5 18. Nf3 Rab8 19. Ng5 Qc4 20. Qxc4 bxc4 21. R5e2 Rb6 22. Rb1 Rfb8 23. Kf1 Ne8 24. Ke1 Nd6 25. Kd1 Nb5 26. Rc1 Ra6 27. a3 Rab6 28. Rcc2 Nd6 29. Kc1 Kf8 30. h4 Ke7 31. g3 Kd7 32. Nf3 f6 33. Nd2 Rh8 34. Nf1 Rbb8 35. Ne3 Rh5 36. Re1 Rbh8 37. Rce2 g5 38. hxg5 Rxg5 39. Nc2 Re8 40. Rh1 Ne4 41. Ne3 f5 42. Ng2 Rg6 43. Nf4 Rf6 44. Rh7 Re7 45. Rh8 g5 46. Ng2 Rff7 47. Re1 Rh7 48. Rxh7 Rxh7 49. Re2 Rh2 50. Ne3 Nxg3 51. Rc2 Rh1+ 52. Nd1 Nh5 53. Re2 Nf4 54. Rd2 a5 55. a4 g4 56. Kc2 Nd3 57. b3 Ne1+ 58. Kb2 Nf3 0-1

[Event "EU-ch 25th"]
[Site "Eforie Nord"]
[Date "2025.03.26"]
[Round "11"]
[White "Kourkoulos Arditis, Stamatis"]
[Black "Navara, David"]
[Result "1/2-1/2"]
[WhiteElo "2580"]
[BlackElo "2663"]
[PlyCount "56"]
[EventDate "2025.03.15"]
[EventType "swiss"]
[EventRounds "11"]
[EventCountry "ROU"]
[SourceTitle "CB13_2025"]
[SourceDate "2025.03.26"]
[SourceVersion "1"]
[SourceVersionDate "2025.03.26"]
[SourceQuality "1"]

1. e4 e5 2. Nf3 Nc6 3. Bb5 Nf6 4. 0-0 Nxe4 5. Re1 Nd6 6. Nxe5 Be7 7. Bf1 Nxe5 8. Rxe5 0-0 9. d4 Bf6 10. Re1 Re8 11. c3 Rxe1 12. Qxe1 Ne8 13. Bf4 d5 14. Bd3 g6 15. Nd2 Ng7 16. Nf3 Bf5 17. Bxf5 Nxf5 18. Be5 c6 19. Qd2 Bxe5 20. Nxe5 Qe7 21. Re1 Re8 22. g3 Kg7 23. Nd3 Qd8 24. Re2 Nd6 25. Qe1 Rxe2 26. Qxe2 Qe8 27. Qxe8 Nxe8 28. f3 Nd6 1/2-1/2

[Event "EU-ch 25th"]
[Site "Eforie Nord"]
[Date "2025.03.20"]
[Round "6"]
[White "Navara, David"]
[Black "Bernadskiy, Vitaliy"]
[Result "1/2-1/2"]
[WhiteElo "2663"]
[BlackElo "2529"]
[PlyCount "103"]
[EventDate "2025.03.15"]
[EventType "swiss"]
[EventRounds "11"]
[EventCountry "ROU"]
[SourceTitle "CB13_2025"]
[SourceDate "2025.03.26"]
[SourceVersion "1"]
[SourceVersionDate "2025.03.26"]
[SourceQuality "1"]

1. e4 e5 2. Nf3 Nc6 3. Bc4 Bc5 4. c3 Nf6 5. d3 d6 6. Bg5 h6 7. Bh4 a6 8. 0-0 Ba7 9. Nbd2 Qe7 10. b4 g5 11. Bg3 Bg4 12. Kh1 Nd8 13. h3 Bd7 14. d4 Nh5 15. dxe5 Nxg3+ 16. fxg3 dxe5 17. Bd5 h5 18. Nc4 f6 19. Na5 c6 20. Bb3 Be6 21. Nd2 Bg4 22. Qe1 Ne6 23. Ndc4 0-0-0 24. Ne3 Rd3 25. Nf5 Bxf5 26. Rxf5 Ng7 27. Rf3 Rxf3 28. gxf3 g4 29. Qe2 f5 30. Kg2 gxh3+ 31. Kxh3 h4 32. g4 Qg5 33. exf5 Qf4 34. Qg2 e4 35. Re1 e3 36. Bd1 Bb8 37. Nb3 Be5 38. Nd4 Bxd4 39. cxd4 Qxd4 40. Bc2 Rg8 41. Qg1 Qf4 42. Rxe3 Rd8 43. f6 Qxf6 44. Qh2 Rd5 45. Bb3 Nh5 46. gxh5 Qf5+ 47. Kg2 Rd2+ 48. Kf1 Qb1+ 49. Re1 Qd3+ 50. Re2 Qb1+ 51. Re1 Qd3+ 52. Re2 1/2-1/2

[Event "EU-ch 25th"]
[Site "Eforie Nord"]
[Date "2025.03.16"]
[Round "2"]
[White "Navara, David"]
[Black "Haring, Filip"]
[Result "1-0"]
[WhiteElo "2663"]
[BlackElo "2476"]
[PlyCount "79"]
[EventDate "2025.03.15"]
[EventType "swiss"]
[EventRounds "11"]
[EventCountry "ROU"]
[SourceTitle "CB13_2025"]
[SourceDate "2025.03.26"]
[SourceVersion "1"]
[SourceVersionDate "2025.03.26"]
[SourceQuality "1"]

1. e4 c5 2. Nf3 e6 3. d4 cxd4 4. Nxd4 a6 5. Bd3 Bc5 6. Nb3 Ba7 7. Qe2 Nc6 8. Be3 d6 9. Nc3 Nge7 10. f4 b5 11. Bxa7 Rxa7 12. Qf2 0-0 13. 0-0 Rd7 14. a4 b4 15. Nb1 Ng6 16. g3 Na5 17. Nxa5 Qxa5 18. Nd2 Bb7 19. Nc4 Qc7 20. Qb6 Rfd8 21. Qxb4 d5 22. exd5 Rxd5 23. Be4 a5 24. Nxa5 Ba8 25. Nb3 Qa7+ 26. Kh1 h5 27. a5 h4 28. Qb6 Qd7 29. Kg1 h3 30. Qf2 f5 31. Bh1 e5 32. fxe5 Nxe5 33. Qxf5 Qa7+ 34. Qf2 Qc7 35. Qb6 Qe7 36. Rae1 R8d6 37. Qb8+ Kh7 38. Qxa8 Rd8 39. Qa6 R8d6 40. Be4+ 1-0

[Event "EU-ch 25th"]
[Site "Eforie Nord"]
[Date "2025.03.15"]
[Round "1"]
[White "Domingo Nunez, Alejandro"]
[Black "Navara, David"]
[Result "0-1"]
[WhiteElo "2337"]
[BlackElo "2663"]
[PlyCount "88"]
[EventDate "2025.03.15"]
[EventType "swiss"]
[EventRounds "11"]
[EventCountry "ROU"]
[SourceTitle "CB13_2025"]
[SourceDate "2025.03.26"]
[SourceVersion "1"]
[SourceVersionDate "2025.03.26"]
[SourceQuality "1"]

1. Nf3 c5 2. c4 Nc6 3. Nc3 e5 4. e3 Nf6 5. d4 e4 6. d5 exf3 7. dxc6 dxc6 8. Qxd8+ Kxd8 9. gxf3 g6 10. b3 Bg7 11. Bb2 Ke7 12. 0-0-0 Be6 13. Be2 Bh3 14. Bf1 Be6 15. Be2 b6 16. Rd2 Rhd8 17. Rxd8 Rxd8 18. Rd1 Rg8 19. Bf1 g5 20. Bd3 Nd7 21. Rg1 f5 22. Nd1 Ne5 23. Be2 Bf6 24. f4 gxf4 25. Rxg8 Bxg8 26. exf4 Ng6 27. Bxf6+ Kxf6 28. Bf3 Nxf4 29. Bxc6 Nd3+ 30. Kb1 Bf7 31. Bg2 Ke5 32. Bf1 Kd4 33. Kc2 Ne1+ 34. Kb2 f4 35. Be2 Nd3+ 36. Kc2 Nb4+ 37. Kb2 Bg6 38. Bg4 h5 39. Be2 Nd3+ 40. Ka3 h4 41. Bg4 Ne5 42. Be2 Bc2 43. Nb2 f3 44. Bd1 Kc3 0-1